Statistieken voor Ghana Trivia Quiz

Klik hier om de quiz te nemen!

Algemene statistieken

  • Deze quiz is 217 keer genomen
  • De gemiddelde score is 10 van 14

Antwoordstatistieken

HintAntwoord% Correct
Landen die aan Ghana grenzenIvoorkust
97%
Landen die aan Ghana grenzenTogo
96%
Hoeveel Europese landen hebben ooit Ghana gekoloniseerd?6
93%
Landen die aan Ghana grenzenBurkina Faso
90%
Officiële taalEngels
86%
Hoofdstad van GhanaAccra
85%
Welke was de eerste, in 1481?Portugal
80%
Koloniale naam voor Ghana{Goud}kust
75%
Oceanische golf waar Ghana aan ligtGolf van {Guinee}
67%
... en de op een na grootste producent van deze boonCacao
66%
Ghanese diplomaat die de VN van 1997 tot 2006 leiddeKofi Annan
57%
Ghana is de op twee na grootste producent van deze eetbare knolYam
46%
“Shockerende” rivier dat door het land stroomt{Volta}-rivier
35%
Ethnische groep waar 47.5% van de populatie toe behoortAkan
27%

Scoreverdeling

Percentiel versus Aantal Correcte Antwoorden

Procent van Mensen met Elke Score

Uw Scoregeschiedenis

U heeft deze quiz nog niet genomen